Applied multivariate techniques
Saved in:
| Main Author: | |
|---|---|
| Format: | Book |
| Language: | Undetermined |
| Published: |
New York
John Wiley
c1996
|
| Subjects: | |
| Tags: |
Add Tag
No Tags, Be the first to tag this record!
|
| Institutions: | Trung tâm Học liệu Trường Đại học Cần Thơ |
|---|
| LEADER | 00478nam a2200181Ia 4500 | ||
|---|---|---|---|
| 001 | CTU_127259 | ||
| 008 | 210402s9999 xx 000 0 und d | ||
| 082 | |a 519.535 | ||
| 082 | |b S531 | ||
| 100 | |a Sharma, Subhash | ||
| 245 | 0 | |a Applied multivariate techniques | |
| 245 | 0 | |c Subhash Sharma | |
| 260 | |a New York | ||
| 260 | |b John Wiley | ||
| 260 | |c c1996 | ||
| 650 | |a Multivariate analysis | ||
| 904 | |i Hiếu | ||
| 980 | |a Trung tâm Học liệu Trường Đại học Cần Thơ | ||